000 00416nam a22001577a 4500
005 20251108172408.0
008 250721s1977 xx 000 0 eng d
082 1 4 _a574.0151/du
100 1 _adudley, brian a.c
245 1 0 _amathematical and biological interrelations /
264 1 _anew york :
_bjogn wileys & sons,
_c1977.
300 _a319 p
650 1 7 _abiomathematics
942 _2ddc
_cBK
999 _c78186
_d78186